• 首页
  • 本馆介绍
  • 公告通知
  • 最新文献
  • 馆藏检索
  • 电子资源
  • 读者导购
  • 参考咨询
  • 我的图书馆
  • 登录
  • 详细信息显示
  • 放入我的书架
  • 预约/预借图书
  • 作者相关作品
  • 分类相关作品
  • 丛书相关作品
  • 出版社相关作品

书目信息

  • 表格格式
  • 工作单格式
  • 卡片格式
题名:
货币交易速度运行规律及其微观基础研究
    
 
作者: 孙红霞 著
分册:  
出版信息: 太原   山西经济出版社  2018.10
页数: 253页
开本: 21cm
丛书名: 南开大学公共财政博上论文丛书
单 册:
中图分类: F832.5
科图分类:
主题词: 货币--huo bi--金融交易--研究--中国
电子资源:
ISBN: 978-7-5577-0080-5
000 01293nam 2200289 450
001 CAL 0120202971315
005 20230217093111.0
010    @a978-7-5577-0080-5@dCNY25.80
100    @a20200403d2018 em y0chiy0120 ea
101 0  @achi
102    @aCN@b140000
105    @aa a 000yy
106    @ar
200 1  @a货币交易速度运行规律及其微观基础研究@Ahuo bi jiao yi su du yun xing gui lu^ ji qi wei guan ji chu yan jiu@f孙红霞著
210    @a太原@c山西经济出版社@d2018.10
215    @a253页@c图@d21cm
225 2  @a南开大学公共财政博上论文丛书@Anan kai da xue gong gong cai zheng bo shang lun wen cong shu
300    @a中国特色社会主义经济建设协同创新中心资助的研究成果 山东省高校人文社会科学研究计划项目 (J13WFO4) 研究成果 山东省社会科学规划青年基金项目 (15DJ03) 研究成果
314    @a孙红霞, 现为讲师。
320    @a有书目 (第231-247页)
330    @a本书共分为7章, 主要内容包括: 导论、相关文献综述、货币交易速度规律模型、货币交易速度微观影响机理模型 —— 基于居民消费一投资行为的理论分析、货币交易速度变动规律及其微观影响机理的经验分析等。
410  0 @12001 @a南开大学公共财政博上论文丛书
606 0  @a货币@Ahuo bi@x金融交易@x研究@y中国
690    @aF832.5@v5
701  0 @a孙红霞@Asun hong xia@4著
801  0 @aCN@bBJXHZP@c20230228
905    @b1382797-801@dF832.5@e223@f5
    
    货币交易速度运行规律及其微观基础研究/孙红霞著.-太原:山西经济出版社,2018.10
    253页:图;21cm.-(南开大学公共财政博上论文丛书)
    中国特色社会主义经济建设协同创新中心资助的研究成果 山东省高校人文社会科学研究计划项目 (J13WFO4) 研究成果 山东省社会科学规划青年基金项目 (15DJ03) 研究成果
    
    ISBN 978-7-5577-0080-5:CNY25.80
    本书共分为7章, 主要内容包括: 导论、相关文献综述、货币交易速度规律模型、货币交易速度微观影响机理模型 —— 基于居民消费一投资行为的理论分析、货币交易速度变动规律及其微观影响机理的经验分析等。
●
相关链接 在E读中查询图书 在五车中查询图书 在当当中查询图书 在豆瓣中查询图书


正题名:货币交易速度运行规律及其微观基础研究     索取号:F832.5/223         预约/预借

序号 登录号 条形码 馆藏地/架位号 状态 备注
1 1382797   213827974   第一样本阅览室/ [索取号:F832.5/223] 在馆    
2 1382798   213827983   第一借阅区/ [索取号:F832.5/223] 在馆    
3 1382799   213827992   第一借阅区/ [索取号:F832.5/223] 在馆    
4 1382800   213828009   第一借阅区/ [索取号:F832.5/223] 在馆    
5 1382801   213828018   第一借阅区/ [索取号:F832.5/223] 在馆    
唐山师范学院图书馆 欢迎您!
大连网信软件有限公司© 版权所有